| 000 | 01005nam a22002655a 4500 | ||
|---|---|---|---|
| 999 |
_c27331 _d27302 |
||
| 003 | EG-ScBUE | ||
| 005 | 20190331111035.0 | ||
| 008 | 190331s2018 ua frb 000 0 ara d | ||
| 017 | _a2017 / 17807 | ||
| 020 | _a9789776606104 | ||
| 040 |
_aEG-ScBUE _bara _cEG-ScBUE _dEG-ScBUE |
||
| 043 | _an-us--- | ||
| 082 | 0 | 4 |
_a327.73 _bأ ب و _222 |
| 100 | 1 |
_aأبو عيطة، السيد، _d1965- |
|
| 245 | 1 | 2 |
_aالنظام الأمريكي الجديد وفن إدارة العالم / _cالسيد أبو عيطة. |
| 250 | _aط. 1. | ||
| 260 |
_aالقاهرة : _bمدبولي للنشر والتوزيع، _c2018. |
||
| 300 |
_a295 ص. ؛ _c24 سم. |
||
| 504 | _aيشتمل على إرجاعات ببليوجرافية. | ||
| 650 | _2BUEsh | ||
| 651 | 7 |
_aالولايات المتحدة الأمريكية _xعلاقات خارجية. _2BUEsh |
|
| 651 | 7 |
_aالولايات المتحدة الأمريكية _xسياسة وحكومة. _2BUEsh _929584 |
|
| 653 |
_bBUSBOL _cMarch2019 |
||
| 942 | _2ddc | ||